Blue Wall U.S. States - Statistics

General Stats
  • This quiz has been taken 160 times
  • The average score is 16 of 18
Answer Stats
State % Correct
New York
99%
California
97%
Connecticut
94%
New Jersey
94%
Oregon
94%
Vermont
94%
Washington
94%
Maine
92%
Maryland
92%
Massachusetts
90%
Rhode Island
90%
Delaware
88%
Minnesota
87%
Illinois
85%
Michigan
85%
Pennsylvania
83%
Hawaii
80%
Wisconsin
79%
No matching quizzes found
Score Distribution
Percent of People with Each Score
Percentile by Number Answered
Your Score History
You have not taken this quiz